| 000 | 01060cab a2200217 4500 | ||
|---|---|---|---|
| 001 | L136890 | ||
| 008 | 070228n2005 000 0 eng u | ||
| 035 | _a(Sirsi) u136890 | ||
| 041 | 0 | _aeng | |
| 100 | 1 | _aSiriwardena, M.L. | |
| 245 | 0 | 0 |
_aKnowledge sharing in the context of process improvement initiatives _bopportunities and challenges for construction organisations _h[electronic resource] |
| 260 |
_aBrisbane _bQueensland University of Technology _c2005 |
||
| 490 | 0 |
_aCOBRA _v2005 |
|
| 520 | _aDiscusses the vital role of information within business processes and the importance of process improvement approaches. Discusses the under utilized power of IT for process improvement, the knowledge organisation, people issues and the need to avoid fragmentation. | ||
| 590 | _aKA | ||
| 651 | 4 | _aInternational | |
| 690 | _aMANAGEMENT-BUSINESS MANAGEMENT-INFORMATION MANAGEMENT | ||
| 700 | 1 | _aKagioglou, M. | |
| 856 | 4 | 0 |
_uhttps://www.rics.org/site/scripts/download_info.aspx?downloadID=2611 _zView the item free of charge at www.rics.org... |
| 942 | _n0 | ||
| 999 |
_c78483 _d78483 |
||